[Event "East Lansing (MOR/5/23)"]
[Site "?"]
[Date "1993.??.??"]
[Round "?"]
[White "Ridella, Dennis"]
[Black "Troupe, D."]
[Result "1-0"]
[WhiteElo "1700"]
[BlackElo "1605"]
[PlyCount "35"]
[EventDate "1993.??.??"]

{5/(23)} 1. e4 e5 2. Nf3 Nc6 3. Bc4 h6 4. Nc3 Bb4 5. a3 Ba5 6. b4 Bb6 7. Na4 d6
8. h3 Nf6 9. Nxb6 axb6 10. d3 Nxb4 11. Bb2 Nc6 12. O-O O-O 13. Nh4 Ne7 14. f4
Ng6 15. Nxg6 Re8 16. fxe5 dxe5 17. Bxe5 Kh7 18. Bxf7 1-0

[Event "East Lansing (MOR/7/23)"]
[Site "?"]
[Date "1993.??.??"]
[Round "?"]
[White "Ridella, Dennis"]
[Black "Rosebrook, G."]
[Result "1-0"]
[WhiteElo "1700"]
[BlackElo "1605"]
[PlyCount "83"]
[EventDate "1993.??.??"]

{7/(23)} 1. e4 c5 2. c3 g6 3. d4 b6 4. Bc4 Bb7 5. Qf3 Nf6 6. d5 d6 7. Ne2 Nbd7
8. Bf4 h5 9. Nd2 a6 10. a4 Qc8 11. O-O Bg7 12. Qe3 Ng4 13. Qg3 Nge5 14. Bb3 a5
15. Ba2 Nf6 16. Bxe5 dxe5 17. Qxe5 O-O 18. h3 Nxd5 19. Qg3 Nf6 20. Qxg6 Qc7 21.
Ng3 Ba6 22. Nf5 Ne8 23. Nh6+ Kh8 24. Nxf7+ Rxf7 25. Qxh5+ Bh6 26. Bxf7 Qd6 27.
Rad1 Ng7 28. Qd5 Qb8 29. Nf3 Bb7 30. Qe5 Qxe5 31. Nxe5 Bxe4 32. Ng6+ Bxg6 33.
Bxg6 Ne6 34. Bf5 Ng7 35. Be4 Rf8 36. Rd7 Bg5 37. Rb7 Bh4 38. g3 Bf6 39. Rxb6
Ne8 40. Rb8 Be5 41. Rc8 Bd6 42. Bc6 1-0

[Event "Trenton (Mar)"]
[Site "?"]
[Date "1993.??.??"]
[Round "?"]
[White "Ridella, Dennis"]
[Black "Randel, D."]
[Result "1/2-1/2"]
[WhiteElo "1700"]
[BlackElo "1605"]
[PlyCount "136"]
[EventDate "1993.??.??"]

1. e4 c5 2. Nf3 Nc6 3. d4 cxd4 4. Nxd4 g6 5. Bc4 Bg7 6. Nxc6 bxc6 7. O-O Nf6 8.
Nc3 O-O 9. Be3 d6 10. h3 Be6 11. Bxe6 fxe6 12. Rb1 Nd7 13. Bd4 Bxd4 14. Qxd4
Qb6 15. Qc4 Rf6 16. b3 Qc5 17. Qd3 Ne5 18. Qd2 a5 19. a4 Raf8 20. Rbe1 R6f7 21.
Nd1 Qb6 22. Ne3 Qc5 23. c3 Nf3+ 24. gxf3 Qg5+ 25. Kh2 Qf4+ 26. Kg1 Qg5+ 27. Kh2
Rxf3 28. Re2 Qf4+ 29. Kg2 Qxe4 30. Kg1 Qh4 31. Qd4 R8f4 32. Ng2 Rxd4 33. Nxh4
Rxh4 34. Rxe6 Rfxh3 35. Kg2 Rxc3 36. Rxe7 Rg4+ 37. Kh2 Rxb3 38. Re6 Rd3 39.
Rfe1 Rf3 40. Rxd6 Rxf2+ 41. Kh3 Rxa4 42. Rxc6 Ra3+ 43. Kg4 Rf7 44. Re5 Ra1 45.
Ra6 a4 46. Rea5 Rg1+ 47. Kh3 Rf5 48. Rxf5 gxf5 49. Rxa4 Kg7 50. Rf4 Kg6 51. Kh2
Rg4 52. Rf1 Kg5 53. Kh3 h5 54. Rf3 f4 55. Ra3 Rh4+ 56. Kg2 Kg4 57. Ra4 Kg5 58.
Ra5+ Kf6 59. Ra6+ Ke5 60. Ra3 Rg4+ 61. Kh3 Ke4 62. Ra4+ Kf3 63. Ra3+ Ke2 64.
Ra2+ Kd3 65. Ra3+ Ke4 66. Ra4+ Kf5 67. Ra5+ Kg6 68. Ra3 Rg3+ 1/2-1/2

[Event "East Lansing (MOR/3/21)"]
[Site "?"]
[Date "1993.??.??"]
[Round "?"]
[White "Ridella, Dennis"]
[Black "Foote, Greg"]
[Result "0-1"]
[WhiteElo "1700"]
[BlackElo "1605"]
[PlyCount "68"]
[EventDate "1993.??.??"]

{3/(21)} 1. e4 e5 2. Nf3 Nc6 3. Bc4 f6 4. Nc3 Bc5 5. a3 Nge7 6. d3 a6 7. O-O b5
8. Ba2 Bb7 9. Nh4 Nd4 10. Qh5+ g6 11. Qh6 d5 12. Qg7 Rf8 13. Bh6 Rf7 14. Qh8+
Kd7 15. Qxd8+ Rxd8 16. exd5 Bd6 17. Rac1 g5 18. Nf3 Nxf3+ 19. gxf3 Nf5 20. Bxg5
Rg8 21. Ne4 fxg5 22. Nc5+ Bxc5 23. d6 Rgf8 24. Bxf7 Rxf7 25. dxc7 Kxc7 26. Rfe1
Nh4 27. Re2 Nxf3+ 28. Kf1 Nxh2+ 29. Kg1 Nf3+ 30. Kf1 h5 31. c4 bxc4 32. Rxc4
Kd6 33. Rec2 Bxf2 34. Rxf2 Nd2+ 0-1

[Event "Gaylord (NMO/5/8)"]
[Site "?"]
[Date "1993.??.??"]
[Round "?"]
[White "Revnell, Joseph"]
[Black "Raftshol, W."]
[Result "0-1"]
[WhiteElo "1605"]
[BlackElo "1870"]
[PlyCount "52"]
[EventDate "1993.??.??"]

{5/(8)} 1. d4 d5 2. Nf3 Nf6 3. e3 Bf5 4. c4 c6 5. Nbd2 e6 6. a3 Nbd7 7. b3 Be7
8. h3 Ne4 9. Bb2 O-O 10. g4 Bg6 11. h4 h5 12. g5 f5 13. Be2 f4 14. Nxe4 Bxe4
15. Rg1 fxe3 16. fxe3 Qc7 17. Ne5 Nxe5 18. dxe5 Qb6 19. Bd4 c5 20. Bc3 Rad8 21.
Bxh5 dxc4 22. Qg4 Bf3 23. Qxc4 Bxh5 24. b4 Qc6 25. b5 Qf3 26. Qxe6+ Kh8 0-1

[Event "Gaylord (NMO/1/7)"]
[Site "?"]
[Date "1993.??.??"]
[Round "?"]
[White "Revnell, Joseph"]
[Black "Garrison, Ray"]
[Result "1-0"]
[WhiteElo "1605"]
[BlackElo "2000"]
[PlyCount "65"]
[EventDate "1993.??.??"]

{1/(7)} 1. d4 Nf6 2. Nf3 c5 3. e3 a6 4. c4 Nc6 5. a3 g6 6. b3 b5 7. Nbd2 Bg7 8.
Bb2 d6 9. Bd3 Bg4 10. Qc2 b4 11. h3 Bd7 12. a4 O-O 13. g4 Qb6 14. d5 Nd8 15. g5
Ne8 16. h4 e5 17. h5 f5 18. hxg6 hxg6 19. O-O-O e4 20. Nh4 exd3 21. Qxd3 Bxb2+
22. Kxb2 Kg7 23. Rh2 Nf7 24. f4 Nh8 25. Rdh1 Nc7 26. e4 Rae8 27. exf5 Bxf5 28.
Nxf5+ gxf5 29. Rh7+ Kg8 30. Rxh8+ Kg7 31. R1h7+ Kg6 32. Qh3 Rxh8 33. Qh6# 1-0

[Event "Gaylord (NMO/3/8)"]
[Site "?"]
[Date "1993.??.??"]
[Round "?"]
[White "Revnell, Joseph"]
[Black "Bailey, Greg"]
[Result "0-1"]
[WhiteElo "1605"]
[BlackElo "2060"]
[PlyCount "52"]
[EventDate "1993.??.??"]

{3/(8)} 1. d4 Nf6 2. Nf3 d6 3. b3 g6 4. e3 Bg7 5. Bd3 c5 6. Bb2 cxd4 7. Bxd4
O-O 8. Nbd2 Nc6 9. a3 Nxd4 10. exd4 e5 11. c3 e4 12. Nxe4 Nxe4 13. Bxe4 Re8 14.
Qc2 d5 15. O-O-O Rxe4 16. h4 Bg4 17. Rde1 Qe7 18. Rxe4 dxe4 19. Ng5 Qxa3+ 20.
Kd2 Bh6 21. Qxe4 Bf5 22. Qe2 Qb2+ 23. Kd1 Qb1+ 24. Kd2 Qc2+ 25. Ke1 Qc1+ 26.
Qd1 Re8+ 0-1

[Event "East Lansing (MOR/2/45)"]
[Site "?"]
[Date "1993.??.??"]
[Round "?"]
[White "Repas, B."]
[Black "Woods, I."]
[Result "1-0"]
[WhiteElo "1605"]
[BlackElo "1605"]
[PlyCount "95"]
[EventDate "1993.??.??"]

{2/(45)} 1. e4 e5 2. Nf3 Nf6 3. Nc3 Bb4 4. a3 Bxc3 5. bxc3 Nxe4 6. Qe2 Nf6 7.
Nxe5 Qe7 8. Nf3 Qxe2+ 9. Bxe2 d5 10. c4 Bf5 11. c3 dxc4 12. Bxc4 Nbd7 13. O-O
Be6 14. Re1 Nc5 15. Nd4 Kd7 16. Nxe6 fxe6 17. d4 Nce4 18. Bb2 c6 19. f3 Ng5 20.
h4 Nf7 21. Bxe6+ Ke7 22. Rad1 Nh6 23. d5 Rad8 24. a4 Rhe8 25. Ba3+ Rd6 26. Bh3+
Kd8 27. Bxd6 Rxe1+ 28. Rxe1 cxd5 29. Bf8 Nh5 30. g4 Nf4 31. Bg2 Nxg2 32. Kxg2
Nf7 33. Bxg7 a6 34. Rd1 Ke8 35. Rxd5 b5 36. axb5 axb5 37. Rxb5 h6 38. Rb6 Ke7
39. Bxh6 Nxh6 40. Rxh6 Kf7 41. Kg3 Ke7 42. Kf4 Kf7 43. Ke5 Kg7 44. Ra6 Kf7 45.
c4 Ke7 46. Ra7+ Kd8 47. Ke6 Ke8 48. Ra8# 1-0

[Event "Flint (MI Senior/2)"]
[Site "?"]
[Date "1993.??.??"]
[Round "?"]
[White "Repas, B."]
[Black "Rostrom, Richard"]
[Result "0-1"]
[WhiteElo "1605"]
[BlackElo "1610"]
[PlyCount "102"]
[EventDate "1993.??.??"]

1. e4 c5 2. b4 cxb4 3. a3 Nc6 4. Nf3 d6 5. axb4 Nxb4 6. c3 Nc6 7. Na3 g6 8. Nb5
Bg7 9. Bc4 Nh6 10. d4 O-O 11. h3 Bd7 12. g4 a6 13. Na3 Kh8 14. g5 Ng8 15. h4
Bg4 16. Be2 f6 17. Nc2 Bxf3 18. Bxf3 e6 19. h5 fxg5 20. hxg6 h6 21. Bg4 Qf6 22.
Be3 Qxg6 23. f3 b6 24. Qd2 Na5 25. Bxg5 Nc4 26. Qc1 d5 27. e5 Nb2 28. Qxb2 Qxg5
29. Qxb6 Rae8 30. Ke2 Rb8 31. Qxa6 Rb2 32. Rac1 Qg6 33. Qd3 Ne7 34. Qxg6 Nxg6
35. Ke3 Nf4 36. Rh2 Kh7 37. Ra1 Rb3 38. Kd2 Kg6 39. Bh3 h5 40. Ra6 Bh6 41. Bxe6
Nxe6+ 42. Kd1 Rb1+ 43. Ke2 Re8 44. Rg2+ Kf7 45. Ra7+ Re7 46. Rxe7+ Kxe7 47. Kf2
Rb2 48. Kg1 Rb1+ 49. Kf2 Rb2 50. Kg3 Rb1 51. Rh2 Bf4+ 0-1

[Event "Flint (MI Senior/1)"]
[Site "?"]
[Date "1993.??.??"]
[Round "?"]
[White "Repas, B."]
[Black "Pulsipher, D."]
[Result "0-1"]
[WhiteElo "1605"]
[BlackElo "1770"]
[PlyCount "120"]
[EventDate "1993.??.??"]

1. e4 c5 2. b4 cxb4 3. a3 bxa3 4. Nxa3 Nc6 5. Nf3 Nf6 6. e5 Nd5 7. d4 e6 8. Bd2
Bb4 9. Nb5 Be7 10. Bc4 Nb6 11. Be2 O-O 12. O-O a6 13. c4 axb5 14. Rxa8 Nxa8 15.
cxb5 Nb4 16. Bxb4 Bxb4 17. Qa4 Qa5 18. Ra1 Qxa4 19. Rxa4 Nc7 20. Rxb4 b6 21.
Bc4 Bb7 22. Ne1 Ra8 23. Rb1 Ra4 24. Rc1 Ra8 25. f3 Kf8 26. Kf2 Ke7 27. Nc2 Nd5
28. Ne3 Nf4 29. Kg3 g5 30. h4 h6 31. hxg5 hxg5 32. Ng4 Rc8 33. Ne3 Ne2+ 34.
Bxe2 Rxc1 35. Nc4 Rc2 36. Kf2 f6 37. exf6+ Kxf6 38. Ne5 Ke7 39. g4 Bd5 40. Ke3
d6 41. Nd3 Bc4 42. Bf1 Rc3 43. Kd2 Bxd3 44. Bxd3 Rc8 45. Ke3 e5 46. Ke4 Rc3 47.
d5 Kf6 48. Bf1 Rb3 49. Bd3 Rb4+ 50. Ke3 Rf4 51. Bf5 Rxf5 52. gxf5 Kxf5 53. Kf2
e4 54. Ke3 exf3 55. Kxf3 Ke5 56. Kg4 Kxd5 57. Kxg5 Kc5 58. Kf4 Kxb5 59. Ke3 Kc4
60. Kd2 b5 0-1

[Event "Lansing (MI Am/2)"]
[Site "?"]
[Date "1993.??.??"]
[Round "?"]
[White "Repas, B."]
[Black "O'Ryan, C."]
[Result "1-0"]
[WhiteElo "1605"]
[BlackElo "1605"]
[PlyCount "73"]
[EventDate "1993.??.??"]

1. e4 d6 2. d4 Nf6 3. Nc3 g6 4. Nf3 Bg7 5. Bg5 O-O 6. Bc4 Bg4 7. h3 Bxf3 8.
Qxf3 c6 9. O-O-O Nbd7 10. Rhe1 Qc7 11. Bf4 e5 12. dxe5 Nxe5 13. Bxe5 dxe5 14.
g4 Kh8 15. Rf1 b5 16. Be2 b4 17. Na4 Qa5 18. b3 Rac8 19. h4 c5 20. Rh1 Ng8 21.
h5 g5 22. Bc4 Nh6 23. Rd6 Qc7 24. Rhd1 f6 25. Rd7 Qc6 26. R1d6 Qxd6 27. Rxd6
Ng8 28. Rd5 Rfd8 29. Rxc5 Bf8 30. Bxg8 Bxc5 31. Qxf6+ Kxg8 32. Nxc5 Rf8 33.
Qxg5+ Kh8 34. Ne6 Rf7 35. Qxe5+ Kg8 36. Qg5+ Kh8 37. f4 1-0

[Event "East Lansing (MOR/6/38)"]
[Site "?"]
[Date "1993.??.??"]
[Round "?"]
[White "Repas, B."]
[Black "Holland, K."]
[Result "1/2-1/2"]
[WhiteElo "1605"]
[BlackElo "1605"]
[PlyCount "127"]
[EventDate "1993.??.??"]

{6/(38)} 1. e4 e5 2. Nf3 Nc6 3. Nc3 Bc5 4. Bb5 d6 5. d4 exd4 6. Nxd4 Nge7 7.
Na4 O-O 8. Nxc6 bxc6 9. Be2 Bb6 10. Bg5 Qd7 11. O-O c5 12. Nxb6 cxb6 13. Bf3
Bb7 14. c4 Rfe8 15. Bf4 Rad8 16. Re1 h6 17. h3 Ng6 18. Bg3 Ne5 19. b3 Nxf3+ 20.
Qxf3 Qc6 21. Rad1 Rd7 22. e5 Qxf3 23. gxf3 Bxf3 24. Rd3 Bc6 25. f4 d5 26. Red1
d4 27. a3 a5 28. h4 Be4 29. R3d2 Re6 30. Re1 Bf5 31. Rb2 Rg6 32. Kf2 d3 33. Rd1
Bg4 34. Rdd2 Be6 35. Kf3 Bf5 36. Bf2 Bg4+ 37. Ke3 Be2 38. Rb1 Rd4 39. Rg1 Kh7
40. Bg3 h5 41. Kf2 Rg4 42. Rg2 Re4 43. Kg1 Bf3 44. Rxd3 Bxg2 45. Kxg2 Rexf4 46.
Rd6 g5 47. Kh2 gxh4 48. Bxf4 Rxf4 49. Rxb6 Rf3 50. Rb5 a4 51. bxa4 Rxa3 52.
Rxc5 Rxa4 53. Kh3 Kg6 54. Kxh4 Ra3 55. Rd5 Re3 56. c5 Re4+ 57. Kg3 Rc4 58. Rd6+
Kf5 59. Rf6+ Kxe5 60. Rxf7 Rxc5 61. Kh4 Ke6 62. Rh7 Kf6 63. Rxh5 Rxh5+ 64. Kxh5
1/2-1/2

[Event "East Lansing (MOR/4/21)"]
[Site "?"]
[Date "1993.??.??"]
[Round "?"]
[White "Repas, B."]
[Black "Davis, Michael"]
[Result "0-1"]
[WhiteElo "1605"]
[BlackElo "1605"]
[PlyCount "94"]
[EventDate "1993.??.??"]

{4/(21)} 1. e4 c5 2. b4 cxb4 3. a3 bxa3 4. Nxa3 d6 5. d4 Nf6 6. Bd3 e6 7. Nf3
Be7 8. O-O O-O 9. Be3 Nbd7 10. Nb5 a6 11. Bf4 Nb6 12. e5 dxe5 13. Bxe5 axb5 14.
Rxa8 Nxa8 15. Bxb5 Nc7 16. Bd3 Ncd5 17. c4 Nb4 18. Be2 Nc6 19. Bf4 b6 20. h3
Bb7 21. Be3 Ne4 22. Qb3 Qc7 23. Rd1 Na5 24. Qd3 Rd8 25. Rb1 Nc5 26. Qc2 Be4 27.
Qb2 Bxb1 28. dxc5 Bd3 29. cxb6 Qb8 30. Bxd3 Rxd3 31. Qe2 Rb3 32. g4 Qb7 33. Kg2
Nc6 34. Kg3 Bd6+ 35. Kh4 h6 36. c5 Be7+ 37. Kg3 Bf6 38. h4 Ne5 39. Qd1 Ra3 40.
g5 Qe4 41. Nd2 Qg6 42. b7 Nc6 43. h5 Be5+ 44. Kg2 Qf5 45. Nc4 Qe4+ 46. Qf3 Qxc4
47. Qxc6 Qg4+ 0-1

[Event "Lansing (MI Am/4)"]
[Site "?"]
[Date "1993.??.??"]
[Round "?"]
[White "Repas, B."]
[Black "Anderson, Gale"]
[Result "0-1"]
[WhiteElo "1605"]
[BlackElo "1810"]
[PlyCount "125"]
[EventDate "1993.??.??"]

1. e4 e5 2. Nf3 Nc6 3. Nc3 Nf6 4. Bb5 d6 5. O-O Bd7 6. d3 h6 7. Be3 a6 8. Bc4
b5 9. Bb3 Na5 10. Nd5 Be7 11. c3 Ng4 12. Bd2 Nxb3 13. axb3 Bf8 14. h3 Nf6 15.
Nxf6+ gxf6 16. Kh2 Bc6 17. Qe2 Qd7 18. d4 Bb7 19. Nh4 O-O-O 20. d5 c6 21. c4
Kb8 22. Nf5 h5 23. Rfd1 cxd5 24. f3 d4 25. Ra5 bxc4 26. bxc4 Rc8 27. Rb1 Be7
28. Nxe7 Qxe7 29. b4 Rhd8 30. b5 axb5 31. Rbxb5 Qc7 32. Ra6 Qxc4 33. Qxc4 Rxc4
34. Rab6 Rd7 35. Bb4 Kc8 36. Bxd6 Rc2 37. Rc5+ Rxc5 38. Bxc5 d3 39. Rb1 Ba6 40.
Rd1 Rc7 41. Be3 Kd7 42. Kg3 Rc2 43. Rd2 Rc8 44. Kh4 Rh8 45. Ra2 Bc4 46. Ra4 Bb5
47. Ra7+ Ke6 48. Rb7 Ba4 49. Rb6+ Ke7 50. Rb7+ Ke6 51. Rb6+ Ke7 52. Bc5+ Kd7
53. Rd6+ Kc7 54. Rxd3 Bd7 55. Rc3 Kd8 56. Ra3 Rh6 57. Bd6 Be6 58. Rd3 Ke8 59.
Ra3 Kd7 60. Bf8 Rh7 61. g3 Kc6 62. f4 exf4 63. gxf4 {[Remainder illegible; 0-1,
79?]} 0-1

[Event "East Lansing (MOR/4/28)"]
[Site "?"]
[Date "1993.??.??"]
[Round "?"]
[White "Reist, Douglas"]
[Black "Vega, D."]
[Result "1/2-1/2"]
[WhiteElo "1605"]
[BlackElo "1605"]
[PlyCount "111"]
[EventDate "1993.??.??"]

{4/(28)} 1. e4 c5 2. Nf3 Nc6 3. d4 cxd4 4. Nxd4 Nf6 5. Nc3 a6 6. Be3 e6 7. f3
Bb4 8. Qd2 O-O 9. O-O-O Qc7 10. g4 d5 11. g5 Nh5 12. exd5 exd5 13. Be2 Re8 14.
f4 Na5 15. Bxh5 Nc4 16. Qd3 Rxe3 17. Nxd5 Rxd3 18. Nxc7 Rxd1+ 19. Rxd1 Rb8 20.
c3 Bd6 21. Nd5 Bh3 22. Re1 Bg2 23. Bf3 Bh3 24. Be4 g6 25. Bd3 b5 26. Bxc4 bxc4
27. Nc6 Rf8 28. Na5 Be6 29. Nf6+ Kg7 30. Re4 Rc8 31. h4 h5 32. f5 gxf5 33.
Nxh5+ Kg6 34. Nf4+ Bxf4+ 35. Rxf4 Rc5 36. Nb7 Rd5 37. Rd4 Rxd4 38. cxd4 f4 39.
Kd2 Kh5 40. Ke2 Bg4+ 41. Kf2 Kxh4 42. Nd6 Kxg5 43. Ne4+ Kf5 44. Nd6+ Ke6 45.
Nxc4 f5 46. b4 Kd5 47. Nb6+ Kxd4 48. a4 Kc3 49. b5 axb5 50. a5 Bd1 51. a6 Bc2
52. Kf3 Be4+ 53. Kxf4 b4 54. a7 b3 55. Ke5 b2 56. Na4+ 1/2-1/2

[Event "Lansing (MI Am/1)"]
[Site "?"]
[Date "1993.??.??"]
[Round "?"]
[White "Reist, Douglas"]
[Black "Smalec, John"]
[Result "1-0"]
[WhiteElo "1605"]
[BlackElo "1700"]
[PlyCount "101"]
[EventDate "1993.??.??"]

1. e4 e6 2. d4 d5 3. e5 c5 4. c3 Nc6 5. Nf3 Qb6 6. Be2 Nh6 7. O-O Nf5 8. dxc5
Bxc5 9. b4 Be7 10. Na3 a6 11. Bf4 Bd7 12. Nc2 Rc8 13. a4 O-O 14. Qd2 f6 15. a5
Qd8 16. Ne3 fxe5 17. Nxe5 Nxe5 18. Bxe5 Bf6 19. Ng4 Bxe5 20. Nxe5 Be8 21. Rac1
Qh4 22. Nf3 Qf6 23. Bd3 Bh5 24. Nd4 Nxd4 25. cxd4 Bg6 26. Bxg6 Qxg6 27. f3 Qf6
28. Qe3 Kh8 29. Rxc8 Rxc8 30. Rc1 Rxc1+ 31. Qxc1 Qxd4+ 32. Kf1 Qc4+ 33. Qxc4
dxc4 34. Ke2 Kg8 35. Kd2 Kf7 36. f4 Ke7 37. Kc3 Kd6 38. Kxc4 Kc6 39. g4 Kd6 40.
h4 Kc6 41. h5 Kd6 42. g5 Kc6 43. Kd4 Kd6 44. Ke4 Ke7 45. Ke5 g6 46. h6 Kf7 47.
Kd6 e5 48. fxe5 Ke8 49. e6 Kd8 50. e7+ Ke8 51. Kc7 1-0

[Event "Lansing (MI Am/5)"]
[Site "?"]
[Date "1993.??.??"]
[Round "?"]
[White "Reist, Douglas"]
[Black "Rumsey, S."]
[Result "1-0"]
[WhiteElo "1605"]
[BlackElo "1610"]
[PlyCount "61"]
[EventDate "1993.??.??"]

1. e4 c5 2. Nf3 d6 3. d4 cxd4 4. Nxd4 Nf6 5. Nc3 e6 6. Be3 Nc6 7. Bb5 Bd7 8.
Qd2 a6 9. Bc4 b5 10. Be2 b4 11. Nd1 Nxe4 12. Nxc6 Nxd2 13. Nxd8 Kxd8 14. Bxd2
d5 15. O-O Bd6 16. f4 a5 17. b3 Rc8 18. c3 Ke7 19. c4 dxc4 20. Bxc4 Rc5 21. Ne3
Rd8 22. Rae1 Bc7 23. f5 exf5 24. Nxf5+ Kf8 25. Nd4 f6 26. Be3 Re5 27. Nf3 Rxe3
28. Rxe3 Bb6 29. Rfe1 Bxe3+ 30. Rxe3 Re8 31. Kf2 1-0

[Event "East Lansing (MOR/6/39)"]
[Site "?"]
[Date "1993.??.??"]
[Round "?"]
[White "Reist, Douglas"]
[Black "Krzyston, Joe"]
[Result "1-0"]
[WhiteElo "1605"]
[BlackElo "1605"]
[PlyCount "51"]
[EventDate "1993.??.??"]

{6/(39)} 1. e4 e5 2. Nf3 d6 3. Bc4 Bg4 4. O-O Qe7 5. Nc3 Nd7 6. d4 Be6 7. Bxe6
Qxe6 8. Ng5 Qc4 9. Be3 h6 10. Nf3 O-O-O 11. Qd2 Ngf6 12. Rfd1 Ng4 13. b3 Qe6
14. d5 Qe7 15. Bxa7 b6 16. Qe2 Nc5 17. b4 Nb7 18. h4 Qd7 19. Qa6 c6 20. Bxb6
Qe7 21. Qa8+ Kd7 22. Qxb7+ Ke8 23. Qxe7+ Bxe7 24. Bxd8 Kxd8 25. dxc6 Kc7 26.
Nd5+ 1-0

[Event "Flint (Class DE/1)"]
[Site "?"]
[Date "1993.??.??"]
[Round "?"]
[White "Reist, Douglas"]
[Black "Kinney, J."]
[Result "1-0"]
[WhiteElo "1605"]
[BlackElo "1605"]
[PlyCount "83"]
[EventDate "1993.??.??"]

1. e4 d5 2. exd5 Qxd5 3. Nc3 Qa5 4. d4 e6 5. Bd2 Qb6 6. Bc1 Bb4 7. Nge2 Nf6 8.
a3 Bxc3+ 9. Nxc3 O-O 10. b4 Qc6 11. Bb2 a6 12. f3 Rd8 13. Bd3 Rxd4 14. Bxh7+
Kxh7 15. Qxd4 Nbd7 16. O-O b6 17. Ne2 Qxc2 18. Ng3 Bb7 19. Rac1 Qg6 20. Rxc7
Bd5 21. Qh4+ Kg8 22. Rfc1 Rf8 23. Bxf6 Nxf6 24. Qf4 Bb3 25. Qe3 Ba2 26. R7c2
Bb1 27. Rc6 Nd5 28. Qe1 Bd3 29. Qe5 f5 30. Rxe6 Nf6 31. Qd6 Bb5 32. Qxb6 Qg5
33. Qc5 Rd8 34. Nxf5 Rd5 35. Ne7+ Kf7 36. Nxd5 Kg6 37. Ne7+ Kh6 38. Nf5+ Kg6
39. g4 Bd3 40. Ne7+ Kh6 41. Rce1 Qf4 42. Qh5# 1-0

[Event "Flint (Class DE/5)"]
[Site "?"]
[Date "1993.??.??"]
[Round "?"]
[White "Reist, Douglas"]
[Black "Harrell, J."]
[Result "1-0"]
[WhiteElo "1605"]
[BlackElo "1605"]
[PlyCount "75"]
[EventDate "1993.??.??"]

1. e4 c5 2. Nf3 d6 3. d4 cxd4 4. Nxd4 Nf6 5. Nc3 g6 6. Be3 a6 7. Bd3 Bg7 8. f3
O-O 9. Qd2 Nc6 10. O-O-O Bd7 11. Bh6 Qc7 12. Nxc6 Bxc6 13. Bxg7 Kxg7 14. Rdg1
b5 15. g4 b4 16. g5 Nh5 17. Nd5 Bxd5 18. exd5 a5 19. Be4 Rab8 20. Kd1 Rb5 21.
f4 a4 22. Rg2 Qc4 23. Bd3 Qxf4 24. Bxb5 Qxd2+ 25. Kxd2 a3 26. bxa3 bxa3 27. Rb1
Nf4 28. Rg4 Nxd5 29. Rb3 Nc7 30. Bc6 Na6 31. Rxa3 Nc5 32. Ke3 f6 33. Rf4 f5 34.
Ra8 e5 35. Ra7+ Kh8 36. Rh4 Ne6 37. Rhxh7+ Kg8 38. Bd5 1-0

[Event "Lansing (MI Am/2)"]
[Site "?"]
[Date "1993.??.??"]
[Round "?"]
[White "Reist, Douglas"]
[Black "Calton, David A"]
[Result "1-0"]
[WhiteElo "1605"]
[BlackElo "1735"]
[PlyCount "69"]
[EventDate "1993.??.??"]

1. e4 g6 2. d4 Bg7 3. Nf3 d6 4. Bc4 Nc6 5. O-O e5 6. d5 Nce7 7. Be3 f5 8. Bg5
fxe4 9. Bb5+ Bd7 10. Bxe7 Nxe7 11. Bxd7+ Qxd7 12. Ng5 c6 13. Nc3 cxd5 14. Nxd5
Rc8 15. Nxe4 Nf5 16. Nef6+ Kd8 17. Nxd7 Kxd7 18. Qd3 a6 19. Rad1 Rc6 20. Nb4
Rb6 21. a3 a5 22. Nd5 Rxb2 23. Ne3 Nd4 24. c3 Ne2+ 25. Kh1 Bf8 26. Nc4 Nf4 27.
Nxe5+ Ke6 28. Qc4+ Kxe5 29. Rfe1+ Kf5 30. Qe4+ Kg5 31. h4+ Kg4 32. Qf3+ Kxh4
33. Qxf4+ Kh5 34. Rd5+ g5 35. Qxg5# 1-0

[Event "East Lansing (MOR/2/50)"]
[Site "?"]
[Date "1993.??.??"]
[Round "?"]
[White "Reist, Douglas"]
[Black "Boyle, R."]
[Result "1-0"]
[WhiteElo "1605"]
[BlackElo "1605"]
[PlyCount "63"]
[EventDate "1993.??.??"]

{2/(50)} 1. e4 e5 2. Nf3 Nc6 3. Bb5 a6 4. Ba4 Bc5 5. O-O b5 6. Bb3 Bb7 7. c3
Ba7 8. d4 f6 9. Re1 exd4 10. cxd4 Nxd4 11. Nxd4 Qe7 12. Nc3 Qb4 13. Be3 c5 14.
Nd5 Qa5 15. Nf5 c4 16. Bd2 Qd8 17. Nd6+ Kf8 18. Nxb7 Qc8 19. Bb4+ d6 20. Bxd6+
Kf7 21. Na5 Qd8 22. Nb7 Qd7 23. Nc7 Rb8 24. Qd5+ Kg6 25. Bc2 Ne7 26. e5+ Kh6
27. Qd2+ Kh5 28. e6 Qc8 29. Bf4 g5 30. Qe2+ g4 31. h3 Kh4 32. Qxg4# 1-0

[Event "Flint (Class DE/3)"]
[Site "?"]
[Date "1993.??.??"]
[Round "?"]
[White "Reist, Douglas"]
[Black "Aydar, A."]
[Result "0-1"]
[WhiteElo "1605"]
[BlackElo "1605"]
[PlyCount "96"]
[EventDate "1993.??.??"]

1. e4 c5 2. Nf3 Nc6 3. d4 cxd4 4. Nxd4 g6 5. Nc3 Bg7 6. Be3 Nf6 7. f3 O-O 8.
Qd2 Re8 9. O-O-O d6 10. h4 h5 11. Be2 Nxd4 12. Bxd4 Bd7 13. Rdg1 Qc8 14. Qd1
Qc6 15. g4 hxg4 16. fxg4 Nxe4 17. Nxe4 Qxe4 18. Bxg7 Kxg7 19. Bd3 Qf4+ 20. Kb1
Bc6 21. Rh3 Rh8 22. Qe1 Rae8 23. g5 e5 24. Be2 Bd7 25. Rb3 Bc6 26. Qd1 Rd8 27.
h5 Qe4 28. h6+ Kf8 29. Rf1 Rc8 30. Qxd6+ Ke8 31. Bd3 Qd5 32. Qf6 Rh7 33. Bxg6
fxg6 34. Qxg6+ Rf7 35. Qg8+ Ke7 36. Rxf7+ Qxf7 37. Qxf7+ Kxf7 38. Rg3 Kg6 39.
c4 e4 40. Kc2 Re8 41. Kd2 Rf8 42. h7 Kxh7 43. Rh3+ Kg6 44. Rh6+ Kxg5 45. Rxc6
bxc6 46. Ke3 Kf5 47. b4 Rb8 48. a3 a5 0-1

[Event "Eastpointe (MI Action/1/23)"]
[Site "?"]
[Date "1993.??.??"]
[Round "?"]
[White "Reeves, Andre"]
[Black "Woods, O."]
[Result "1-0"]
[WhiteElo "1735"]
[BlackElo "1605"]
[PlyCount "67"]
[EventDate "1993.??.??"]

{1/(23)} 1. e4 e5 2. Nc3 Nf6 3. f4 exf4 4. e5 Ng8 5. Nf3 Nc6 6. d4 f6 7. d5 Nb4
8. Bxf4 d6 9. exd6 Bxd6 10. Bxd6 Qxd6 11. Bd3 Nxd5 12. Nxd5 Qxd5 13. Bg6+ hxg6
14. Qxd5 Ne7 15. Qc5 b6 16. Qxc7 Nd5 17. Qc6+ Kf7 18. Qxd5+ Be6 19. Qb7+ Kf8
20. Qxa8+ Ke7 21. Qxh8 Kf7 22. Ng5+ fxg5 23. O-O+ Ke7 24. Qf8+ Kd7 25. Rad1+
Kc7 26. Qd6+ Kb7 27. Qxe6 Ka6 28. a4 Kb7 29. Qc8+ Kxc8 30. Rf7 a5 31. Rdd7 g4
32. Rc7+ Kb8 33. Rce7 Kc8 34. Rf8# 1-0

[Event "Eastpointe (MI Action/3/16)"]
[Site "?"]
[Date "1993.??.??"]
[Round "?"]
[White "Reeves, Andre"]
[Black "Walker, Anthony"]
[Result "1-0"]
[WhiteElo "1735"]
[BlackElo "1605"]
[PlyCount "36"]
[EventDate "1993.??.??"]

{3/(16)} 1. e4 e6 2. d4 d5 3. Nd2 Bd7 4. Bd3 c5 5. c3 Nc6 6. Ndf3 Qb6 7. Ne2
Nf6 8. e5 Ne4 9. O-O f6 10. exf6 Nxf6 11. Nf4 cxd4 12. cxd4 Nxd4 13. Nxd4 e5
14. Nxd5 Nxd5 15. Qh5+ Kd8 16. Qxe5 Nf6 17. Be3 Bd6 18. Ne6+ Kc8 $138 1-0

[Event "Troy (TCC/B/2/9)"]
[Site "?"]
[Date "1993.??.??"]
[Round "?"]
[White "Reeves, Andre"]
[Black "Thurman, John"]
[Result "1-0"]
[WhiteElo "1645"]
[BlackElo "1745"]
[PlyCount "49"]
[EventDate "1993.??.??"]

{2/(9)} 1. b4 e5 2. Bb2 Bxb4 3. Bxe5 Nf6 4. Nf3 Nc6 5. c3 Nxe5 6. Nxe5 Ba5 7.
d4 c6 8. e3 d6 9. Nc4 O-O 10. Bd3 Bc7 11. Qc2 d5 12. Ne5 Bxe5 13. dxe5 Ng4 14.
Bxh7+ Kh8 15. Bf5 Nxe5 16. Nd2 g6 17. Bxc8 Rxc8 18. h4 Kg7 19. O-O-O Rh8 20. h5
gxh5 21. Ne4 Qe7 22. Ng3 Qg5 23. Nf5+ Kf6 24. Nd4 Qxg2 25. Qf5+ 1-0

[Event "Eastpointe (MI Action/5/14)"]
[Site "?"]
[Date "1993.??.??"]
[Round "?"]
[White "Reeves, Andre"]
[Black "Boyle, John"]
[Result "1-0"]
[WhiteElo "1735"]
[BlackElo "1605"]
[PlyCount "61"]
[EventDate "1993.??.??"]

{5/(14)} 1. e4 c5 2. Nc3 d6 3. g3 Nf6 4. Bg2 g6 5. d3 Bg7 6. Nge2 O-O 7. f3 Nc6
8. Be3 Be6 9. O-O Qa5 10. d4 cxd4 11. Nxd4 Rfc8 12. Nxe6 fxe6 13. Bh3 Kf7 14.
Ne2 Ne5 15. Nf4 Rc7 16. Nxe6 Rc6 17. c3 b5 18. Qb3 Nc4 19. f4 Nxe4 20. Ng5+
Nxg5 21. fxg5+ Kg8 22. Be6+ Kh8 23. Bxc4 Rxc4 24. Qd1 b4 25. cxb4 Rxb4 26. Qd2
Qb5 27. Rf7 Rxb2 28. Qd1 Rb4 29. Rc1 Qe5 30. Qf3 Rab8 31. Rf1 1-0